රැකියා පිළිබඳ අයිතීන් (Record no. 4382)
[ view plain ]
| 000 -LEADER | |
|---|---|
| fixed length control field | 00800nam a22002057a 4500 |
| 003 - CONTROL NUMBER IDENTIFIER | |
| control field | LK-CoMWRAF |
| 005 - DATE AND TIME OF LATEST TRANSACTION | |
| control field | 20240119213612.0 |
| 008 - FIXED-LENGTH DATA ELEMENTS--GENERAL INFORMATION | |
| fixed length control field | 231213b |||||||| |||| 00| 0 eng d |
| 020 ## - INTERNATIONAL STANDARD BOOK NUMBER | |
| International Standard Book Number | 9559052683 |
| 040 ## - CATALOGING SOURCE | |
| Original cataloging agency | LK-CoMWRAF |
| Modifying agency | LK-CoMWRAF |
| Description conventions | LK-CoMWRAF |
| 041 ## - LANGUAGE CODE | |
| Language code of text/sound track or separate title | Sinhala; Sinhalese |
| 082 ## - DEWEY DECIMAL CLASSIFICATION NUMBER | |
| Classification number | 323.095 |
| Item number | RAK |
| 942 ## - ADDED ENTRY ELEMENTS (KOHA) | |
| Koha item type | Books |
| 700 ## - ADDED ENTRY--PERSONAL NAME | |
| Personal name | විජයතිලක. කමලිනී |
| Relator Term | editor |
| Personal name (Transliterated) | Wijayathilake, Kamalini |
| 700 ## - ADDED ENTRY--PERSONAL NAME | |
| Personal name | වෙත්තසිංහ. සිබිල් |
| Relator Term | illustrator |
| Personal name (Transliterated) | Weththasinghe, Sybil |
| 245 ## - TITLE STATEMENT | |
| Title | රැකියා පිළිබඳ අයිතීන් |
| 246 ## - VARYING FORM OF TITLE | |
| Title proper/short title | rakiya pilibanda aitheen |
| 260 ## - PUBLICATION, DISTRIBUTION, ETC. (IMPRINT) | |
| Place of publication, distribution, etc. | කොළඹ : |
| Name of publisher, distributor, etc. | එක්සත් ජාතීන්ගේ ජනගහන අරමුදල, |
| Date of publication, distribution, etc. | 1998 |
| 650 ## - SUBJECT ADDED ENTRY--TOPICAL TERM | |
| Topical term or geographic name as entry element | රැකියා පිළිබඳ අයිතීන් |
| Withdrawn status | Lost status | Damaged status | Not for loan | Permanent Location | Current Location | Date acquired | Full call number | Barcode | Koha item type |
|---|---|---|---|---|---|---|---|---|---|
| Resource center, Muslim Women's Research And Action Forum | Resource center, Muslim Women's Research And Action Forum | 2023-12-13 | 323.095 RAK | RAF3444 | Books | ||||
| Resource center, Muslim Women's Research And Action Forum | Resource center, Muslim Women's Research And Action Forum | 2023-12-13 | 323.095 RAK | RAF3445 | Books |

